| 000 | 01547nam a22004217a 4500 | ||
|---|---|---|---|
| 003 | CHAP | ||
| 005 | 20220329143514.0 | ||
| 008 | 100305s2009 mx r 00010 spa d | ||
| 010 | _a97681 | ||
| 011 | _a98653 | ||
| 035 | _a109338 | ||
| 040 | _cCHAP | ||
| 090 | _aTesis | ||
| 100 | 1 |
_aMoreno López, José Luis. _978643 |
|
| 245 | 1 | 0 |
_aIntroducción a la geoestadística y su aplicación _c/por José Luis Moreno López |
| 260 |
_aChapingo, Méx. : _bEl autor, _c2009 |
||
| 300 |
_aviii, 151 h. : _bcuadros. gráfs. |
||
| 502 | _aTesis (Lic. en Estadística) -- UACH. División de Ciencias Forestales | ||
| 530 | _aTambién disponible en línea | ||
| 590 |
_aALEPH _b10 _c20130110 _lUCH01 _h1532 |
||
| 590 |
_aBATCH-UPD _b10 _c20130110 _lUCH01 _h1610 |
||
| 590 |
_aBATCH-UPD _b10 _c20130410 _lUCH01 _h1005 |
||
| 590 |
_aBATCH-UPD _b10 _c20130914 _lUCH01 _h1000 |
||
| 590 |
_aBATCH-UPD _b10 _c20140324 _lUCH01 _h1514 |
||
| 590 |
_aBATCH-UPD _b10 _c20141002 _lUCH01 _h0841 |
||
| 590 |
_aCONVERSION _b10 _c20130109 _lUCH01 _h1354 |
||
| 650 | 1 | 4 |
_aCítricos _xPlagas. _924458 |
| 650 | 1 | 4 |
_aCítricos _zSan Luis Potosí. _924475 |
| 650 | 1 | 4 |
_aDialeurodes citri. _932406 |
| 650 | 1 | 4 |
_aEstadística. _938241 |
| 650 | 1 | 4 |
_aGeografía. _947540 |
| 650 | 1 | 4 |
_aMosca de la fruta. _978989 |
| 856 |
_3Finding aid _uhttp://10.13.5.2/tesis/109338.pdf _zTeclea aqui |
||
| 901 | _aBK | ||
| 942 | _cFOLL | ||
| 949 |
_aTesis _bBC _cTES _d33724002108793 _eTS2 _fc.2 _gDonaciØn _h50095 _i109338 _sb |
||
| 949 |
_aTesis _bBC _cTES _d33724002115347 _eTS1 _gDonaciØn _h50094 _i109338 _sb |
||
| 999 |
_c97681 _d97681 |
||